[Event "9. Int. Bavarian Open"]
[Site "Bad Wiessee"]
[Date "2005.11.03"]
[Round "6"]
[White "Gerstner, Bernhard"]
[Black "Meinhardt, Maximilian"]
[Result "0-1"]
[WhiteElo "2090"]
[BlackElo "2372"]
[PlyCount "72"]
[EventDate "2005.??.??"]

1. e4 c5 2. Nf3 Nc6 3. d4 cxd4 4. Nxd4 Nf6 5. Nc3 e5 6. Ndb5 d6 7. Bg5 a6 8.
Na3 b5 9. Bxf6 gxf6 10. Nd5 Be6 11. Bd3 f5 12. O-O Bxd5 13. exd5 Ne7 14. Re1
Bg7 15. c3 O-O 16. Qh5 Qc8 17. Rad1 Ra7 18. Nc2 Kh8 19. Ne3 e4 20. Bb1 f4 21.
Nc2 f5 22. g3 Rf6 23. Nd4 Rh6 24. Qg5 fxg3 25. hxg3 Rg6 26. Qh5 Be5 27. Kg2 Qg8
28. Ne2 Nxd5 29. Qxf5 Ne3+ 30. fxe3 Rf7 31. Qh3 Rf3 32. Bxe4 Rgxg3+ 33. Nxg3
Rxg3+ 34. Qxg3 Bxg3 35. Re2 Bh4+ 36. Kh1 Qg4 0-1

[Event "9. Int. Bavarian Open"]
[Site "Bad Wiessee"]
[Date "2005.11.03"]
[Round "6"]
[White "Sandipan, Chanda"]
[Black "Graf, Felix"]
[Result "1-0"]
[WhiteElo "2560"]
[BlackElo "2187"]
[PlyCount "97"]
[EventDate "2005.??.??"]

1. e4 e6 2. d4 d5 3. e5 c5 4. c3 Qb6 5. Nf3 Nc6 6. a3 c4 7. Nbd2 Na5 8. Be2 Bd7
9. O-O Ne7 10. g3 f6 11. exf6 gxf6 12. Nh4 O-O-O 13. Bg4 Ng6 14. Ndf3 Nb3 15.
Rb1 Nxc1 16. Qxc1 Nxh4 17. Nxh4 e5 18. Bxd7+ Rxd7 19. Qd1 Qe6 20. Re1 e4 21.
Qh5 Rg8 22. Qf5 Qxf5 23. Nxf5 Rg5 24. Ne3 f5 25. f4 Rh5 26. b3 cxb3 27. Rxb3
Kc7 28. Reb1 b6 29. Rb5 Kc6 30. a4 Be7 31. a5 Bd8 32. c4 dxc4 33. d5+ Kb7 34.
Nxc4 Rh6 35. d6 Rf6 36. axb6 Bxb6+ 37. Kg2 h6 38. Nxb6 axb6 39. Rxb6+ Ka7 40.
R1b5 Rdxd6 41. Rxd6 Rxd6 42. Rxf5 Rd2+ 43. Kh3 Kb7 44. Re5 Re2 45. Re6 h5 46.
Rh6 Kc7 47. Rxh5 Kd6 48. Re5 e3 49. Kg4 1-0

[Event "9. Int. Bavarian Open"]
[Site "Bad Wiessee"]
[Date "2005.11.03"]
[Round "6"]
[White "Marcelin, Cyril"]
[Black "Helbig, Uwe"]
[Result "0-1"]
[WhiteElo "2463"]
[BlackElo "2212"]
[PlyCount "42"]
[EventDate "2005.??.??"]

1. e4 d6 2. d4 Nf6 3. Nc3 g6 4. Be3 Bg7 5. Qd2 Ng4 6. Bg5 h6 7. Bh4 g5 8. Bg3
e5 9. dxe5 Nxe5 10. h4 Be6 11. hxg5 hxg5 12. Rxh8+ Bxh8 13. O-O-O Nbd7 14. Nh3
Bxh3 15. gxh3 Nf3 16. Qe3 Qf6 17. Bb5 a6 18. Bxd7+ Kxd7 19. Rd5 Re8 20. Qa7 Kc6
21. Rf5 Qxf5 0-1

[Event "9. Int. Bavarian Open"]
[Site "Bad Wiessee"]
[Date "2005.11.03"]
[Round "6"]
[White "Wunder, Stefan"]
[Black "Täger, Winfried"]
[Result "0-1"]
[WhiteElo "2181"]
[BlackElo "2294"]
[PlyCount "42"]
[EventDate "2005.??.??"]

1. Nf3 Nf6 2. g3 g6 3. Bg2 Bg7 4. O-O O-O 5. d4 d6 6. Re1 Nbd7 7. e4 e5 8. dxe5
dxe5 9. b3 Nxe4 10. Rxe4 Nc5 11. Qe2 Nxe4 12. Qxe4 Bf5 13. Qe1 e4 14. Nh4 Bxa1
15. Nxf5 gxf5 16. c3 Qd3 17. Bh6 Rfd8 18. Bf1 Qc2 19. Qe3 Rd6 20. Bf4 Rd1 21.
Be5 Qc1 0-1

[Event "9. Int. Bavarian Open"]
[Site "Bad Wiessee"]
[Date "2005.11.03"]
[Round "6"]
[White "Sill, Thomas"]
[Black "Kayser, Felix"]
[Result "1-0"]
[WhiteElo "2262"]
[BlackElo "2148"]
[PlyCount "45"]
[EventDate "2005.??.??"]

1. e4 d5 2. exd5 Qxd5 3. Nc3 Qa5 4. d4 c6 5. Nf3 Nf6 6. Bc4 Bf5 7. Qe2 Nbd7 8.
Bd2 Qc7 9. O-O-O e6 10. Ne5 Nxe5 11. dxe5 Nd5 12. g4 Bg6 13. f4 Bb4 14. Bxd5
Bxc3 15. Bxc6+ Qxc6 16. Bxc3 h5 17. f5 exf5 18. e6 fxe6 19. Qe5 Bf7 20. gxf5
Rc8 21. Rhe1 Qc7 22. fxe6 Bg6 23. Qg5 1-0

[Event "9. Int. Bavarian Open"]
[Site "Bad Wiessee"]
[Date "2005.11.03"]
[Round "6"]
[White "Hartmann, Wolfram"]
[Black "Gradl, Winfried"]
[Result "1/2-1/2"]
[WhiteElo "2247"]
[BlackElo "2132"]
[PlyCount "45"]
[EventDate "2005.??.??"]

1. e4 c6 2. d4 d5 3. Nc3 dxe4 4. Nxe4 Nd7 5. Bc4 Ngf6 6. Ng5 e6 7. Qe2 Nb6 8.
Bd3 h6 9. N5f3 c5 10. dxc5 Bxc5 11. Ne5 Nbd7 12. Ngf3 Qc7 13. O-O O-O 14. Nxd7
Bxd7 15. Ne5 Rad8 16. Nxd7 Rxd7 17. Qf3 Be7 18. Re1 Qa5 19. Be3 Nd5 20. Qe4 Nf6
21. Qf3 Nd5 22. Qe4 Nf6 23. Qf3 1/2-1/2

[Event "9. Int. Bavarian Open"]
[Site "Bad Wiessee"]
[Date "2005.11.04"]
[Round "7"]
[White "Postny, Evgeny"]
[Black "Cordts, Ingo"]
[Result "1-0"]
[WhiteElo "2571"]
[BlackElo "2305"]
[PlyCount "111"]
[EventDate "2005.??.??"]

1. d4 Nf6 2. c4 c5 3. d5 b5 4. cxb5 a6 5. f3 e6 6. e4 c4 7. Bxc4 Bc5 8. Nc3
axb5 9. Bxb5 Qb6 10. Nge2 O-O 11. Bg5 Na6 12. Qb3 Nc7 13. Bc4 Qa5 14. Bd2 Qa7
15. Nf4 Ba6 16. Bxa6 Qxa6 17. Qc2 Rfc8 18. Qd3 Qb7 19. Ke2 e5 20. Nh3 Qxb2 21.
Rhb1 Qa3 22. Nf2 Bd4 23. Nfd1 Bg1 24. Nb2 Bd4 25. Nc4 Qa6 26. Ne3 Qxd3+ 27.
Kxd3 Na6 28. Nf5 Nc5+ 29. Kc2 Kf8 30. Nd6 Rcb8 31. Rxb8+ Rxb8 32. Rb1 Ra8 33.
Ndb5 Ne8 34. Rb4 Bg1 35. h3 d6 36. a3 Ke7 37. Rb1 Bf2 38. Rf1 Bh4 39. Be3 Nb7
40. Rb1 Na5 41. Kd3 Kd7 42. a4 Bd8 43. Na3 Nc7 44. Nc4 Nxc4 45. Kxc4 Kc8 46.
Rb6 Kd7 47. Rc6 Na6 48. Nb5 Nb8 49. Rxd6+ Ke7 50. Kb3 Ba5 51. Bc5 Ke8 52. Bb6
Ke7 53. Bxa5 Rxa5 54. Rb6 Nd7 55. Rc6 f5 56. exf5 1-0

[Event "9. Int. Bavarian Open"]
[Site "Bad Wiessee"]
[Date "2005.11.04"]
[Round "7"]
[White "Burmakin, Vladimir"]
[Black "Khenkin, Igor"]
[Result "1-0"]
[WhiteElo "2508"]
[BlackElo "2603"]
[PlyCount "81"]
[EventDate "2005.??.??"]

1. d4 Nf6 2. Nf3 d5 3. c4 e6 4. g3 dxc4 5. Qa4+ c6 6. Qxc4 b5 7. Qd3 Bb7 8. Bg2
Nbd7 9. O-O a6 10. Nfd2 Qb6 11. a4 Rd8 12. Nb3 c5 13. Bxb7 Qxb7 14. axb5 axb5
15. dxc5 Nxc5 16. Qe3 Qd5 17. Na5 b4 18. Nd2 Bd6 19. Qf3 Ra8 20. Ndc4 Bc7 21.
Be3 Qxf3 22. exf3 Nd3 23. Rfd1 Nxb2 24. Nxb2 Rxa5 25. Rac1 Nd5 26. Rxd5 Rxd5
27. Rxc7 O-O 28. Rb7 Rdd8 29. Rxb4 Rb8 30. Rxb8 Rxb8 31. Nd3 Rd8 32. Nc5 e5 33.
f4 exf4 34. Bxf4 f6 35. Kg2 Kf7 36. Be3 h5 37. h4 Rb8 38. Kf3 Rb4 39. Nd3 Ra4
40. Nf4 Rb4 41. Nxh5 1-0

[Event "9. Int. Bavarian Open"]
[Site "Bad Wiessee"]
[Date "2005.11.04"]
[Round "7"]
[White "Akesson, Ralf"]
[Black "Vysochin, Spartak"]
[Result "0-1"]
[WhiteElo "2486"]
[BlackElo "2578"]
[PlyCount "80"]
[EventDate "2005.??.??"]

1. d4 d5 2. c4 c6 3. Nc3 Nf6 4. e3 a6 5. Qc2 e6 6. Nf3 c5 7. cxd5 exd5 8. Be2
Nc6 9. O-O Be6 10. dxc5 Bxc5 11. Rd1 Ba7 12. b4 Rc8 13. Qa4 O-O 14. Bb2 Qb6 15.
b5 Na5 16. Qh4 Nc4 17. Na4 Qd8 18. Bxf6 Qxf6 19. Qxf6 gxf6 20. Nd4 Bxd4 21.
exd4 axb5 22. Nc5 Rc7 23. Rdb1 Na3 24. Rb2 Bf5 25. Bxb5 Nc2 26. Rd1 Nxd4 27.
Nxb7 Nxb5 28. Rxb5 Bc2 29. Rc1 d4 30. Nc5 d3 31. Ne4 Re7 32. f3 Rxe4 33. fxe4
d2 34. Rf1 d1=Q 35. Rxd1 Bxd1 36. Kf2 Re8 37. Rb4 Bc2 38. Kf3 Rc8 39. Rb2 Bd3
40. Ke3 Bc4 0-1

[Event "9. Int. Bavarian Open"]
[Site "Bad Wiessee"]
[Date "2005.11.04"]
[Round "7"]
[White "Senff, Martin"]
[Black "Bobras, Piotr"]
[Result "1/2-1/2"]
[WhiteElo "2469"]
[BlackElo "2563"]
[PlyCount "65"]
[EventDate "2005.??.??"]

1. e4 c5 2. Nf3 e6 3. d4 cxd4 4. Nxd4 Nf6 5. Nc3 Nc6 6. Nxc6 bxc6 7. e5 Nd5 8.
Nxd5 cxd5 9. Bd3 Ba6 10. O-O Bxd3 11. Qxd3 Rc8 12. c3 Qc7 13. Qg3 h5 14. Bg5
Qc4 15. h4 Qg4 16. Qd3 Be7 17. Qa6 Rc7 18. Bxe7 Kxe7 19. Qd6+ Kd8 20. g3 g5 21.
Rad1 gxh4 22. Rd4 Qg7 23. Rxh4 Rc6 24. Qb8+ Ke7 25. Qb4+ Ke8 26. Re1 a6 27. a4
Rh6 28. Kg2 f6 29. exf6 Rxf6 30. Qb8+ Ke7 31. Qb4+ Ke8 32. Qb8+ Ke7 33. Qb4+
1/2-1/2

[Event "9. Int. Bavarian Open"]
[Site "Bad Wiessee"]
[Date "2005.11.04"]
[Round "7"]
[White "Meins, Gerlef"]
[Black "Bischoff, Klaus"]
[Result "1-0"]
[WhiteElo "2441"]
[BlackElo "2555"]
[PlyCount "47"]
[EventDate "2005.??.??"]

1. d4 g6 2. e4 Bg7 3. c4 d6 4. Nc3 c6 5. Be2 a6 6. Nf3 b5 7. O-O Nh6 8. Bf4 f5
9. e5 Nf7 10. Re1 O-O 11. Bf1 bxc4 12. exd6 exd6 13. Bxc4 h6 14. Qb3 g5 15.
Bxd6 Qxd6 16. Bxf7+ Kh7 17. Ne5 Ra7 18. Bg6+ Kh8 19. Nf7+ Raxf7 20. Bxf7 Bxd4
21. Rad1 c5 22. Ne2 Nc6 23. Nxd4 Nxd4 24. Qd5 1-0

[Event "9. Int. Bavarian Open"]
[Site "Bad Wiessee"]
[Date "2005.11.04"]
[Round "7"]
[White "Zude, Arno"]
[Black "Kritz, Leonid"]
[Result "0-1"]
[WhiteElo "2422"]
[BlackElo "2545"]
[PlyCount "102"]
[EventDate "2005.??.??"]

1. e4 c5 2. Nf3 Nc6 3. d4 cxd4 4. Nxd4 Qb6 5. Nb3 Nf6 6. Nc3 e6 7. Qe2 Bb4 8.
Bd2 O-O 9. a3 Be7 10. O-O-O d6 11. g4 a6 12. g5 Nd7 13. f4 Nc5 14. Nxc5 Qxc5
15. Be3 Qa5 16. Qf2 Qd8 17. Rg1 b5 18. f5 Re8 19. f6 Bf8 20. Be2 Rb8 21. Rdf1
Ne5 22. Bd4 Kh8 23. g6 fxg6 24. Bxe5 dxe5 25. Rxg6 gxf6 26. Qxf6+ Qxf6 27.
Rgxf6 Be7 28. Rf7 Rb7 29. Kb1 Rg8 30. h3 Bc5 31. Bg4 Rxf7 32. Rxf7 Rg7 33. Rf3
Rc7 34. Ka2 Kg7 35. Rd3 Kf6 36. Rd8 Bb7 37. Re8 Re7 38. Rf8+ Kg5 39. Rg8+ Kh4
40. Rd8 Bd4 41. Rd6 Bxc3 42. bxc3 Bxe4 43. Rxa6 Bxc2 44. Bxe6 e4 45. Kb2 Bd3
46. Bf5 Rf7 47. Bg4 Rf2+ 48. Kc1 e3 49. Re6 Rf1+ 50. Kb2 Rb1+ 51. Ka2 Bc4+ 0-1

[Event "9. Int. Bavarian Open"]
[Site "Bad Wiessee"]
[Date "2005.11.04"]
[Round "7"]
[White "Baramidze, David"]
[Black "Balinov, Ilija"]
[Result "1-0"]
[WhiteElo "2542"]
[BlackElo "2431"]
[PlyCount "87"]
[EventDate "2005.??.??"]

1. e4 c5 2. Nf3 d6 3. d4 Nf6 4. Nc3 cxd4 5. Nxd4 a6 6. Be3 Ng4 7. Bc1 Nc6 8.
Nxc6 bxc6 9. Be2 Nf6 10. O-O e5 11. Qd3 Be7 12. Bg5 h6 13. Bh4 Be6 14. Rad1 g5
15. Bg3 Nd7 16. b3 O-O 17. h3 Nc5 18. Qe3 Qc8 19. Rd2 a5 20. Rfd1 Rd8 21. Bxe5
dxe5 22. Rxd8+ Bxd8 23. Qxc5 Qc7 24. Bg4 Be7 25. Qe3 Rd8 26. Bxe6 fxe6 27.
Rxd8+ Qxd8 28. Qd3 Qe8 29. Na4 Kf7 30. Nb6 Qb8 31. Nc4 Bc5 32. Qd7+ Kf6 33.
Qxc6 Bd4 34. c3 Bxc3 35. Ne3 Bd4 36. Nd5+ Kg7 37. Qd7+ Kh8 38. Qxe6 Qf8 39.
Qf6+ Qxf6 40. Nxf6 Kg7 41. Nd5 h5 42. Kf1 Kf7 43. Ke2 Ke6 44. Ne3 1-0

[Event "9. Int. Bavarian Open"]
[Site "Bad Wiessee"]
[Date "2005.11.04"]
[Round "7"]
[White "Meinhardt, Maximilian"]
[Black "Naumann, Alexander"]
[Result "0-1"]
[WhiteElo "2372"]
[BlackElo "2534"]
[PlyCount "58"]
[EventDate "2005.??.??"]

1. e4 c5 2. Nc3 Nc6 3. g3 g6 4. Bg2 Bg7 5. d3 d6 6. f4 e6 7. Nf3 Nge7 8. O-O
O-O 9. Be3 Rb8 10. Qd2 Nd4 11. Rae1 b5 12. e5 dxe5 13. Nxe5 f6 14. Nf3 Nef5 15.
Bf2 Nxf3+ 16. Bxf3 Nd4 17. Bg2 Bb7 18. Be3 f5 19. Nd1 Bxg2 20. Qxg2 Qd5 21. Rf2
Qxa2 22. b4 Qd5 23. c3 Nb3 24. Ra2 cxb4 25. Bxa7 bxc3 26. Bxb8 Rxb8 27. Ne3
Qxg2+ 28. Kxg2 b4 29. Nc4 Nc5 0-1

[Event "9. Int. Bavarian Open"]
[Site "Bad Wiessee"]
[Date "2005.11.04"]
[Round "7"]
[White "Rotstein, Arkadij"]
[Black "Womacka, Mathias"]
[Result "1-0"]
[WhiteElo "2528"]
[BlackElo "2397"]
[PlyCount "75"]
[EventDate "2005.??.??"]

1. d4 Nf6 2. Nf3 e6 3. c4 c5 4. d5 exd5 5. cxd5 d6 6. Nc3 g6 7. Bf4 Bg7 8. Qa4+
Bd7 9. Qb3 Qc7 10. e4 O-O 11. Nd2 Nh5 12. Be3 f5 13. exf5 gxf5 14. Be2 Be8 15.
Nf3 h6 16. O-O a6 17. a4 Nd7 18. Rae1 Rb8 19. Qd1 Qd8 20. g3 b5 21. Nh4 b4 22.
Nb1 f4 23. Bc1 Qg5 24. Ng2 Bg6 25. Nd2 fxg3 26. Nc4 gxf2+ 27. Rxf2 Bd4 28. Bxg5
Bxf2+ 29. Kh1 hxg5 30. Bxh5 Bxe1 31. Nxe1 Rbe8 32. Bxg6 Rf1+ 33. Kg2 Rexe1 34.
Qd3 Rg1+ 35. Kf2 Nf6 36. Bf5 Kg7 37. Ne3 Nh5 38. Qxa6 1-0

[Event "9. Int. Bavarian Open"]
[Site "Bad Wiessee"]
[Date "2005.11.04"]
[Round "7"]
[White "Täger, Winfried"]
[Black "Landa, Konstantin"]
[Result "0-1"]
[WhiteElo "2294"]
[BlackElo "2600"]
[PlyCount "72"]
[EventDate "2005.??.??"]

1. e4 c5 2. Nf3 e6 3. Nc3 a6 4. g3 b5 5. Bg2 Bb7 6. d3 Be7 7. O-O d6 8. Be3 Nd7
9. h3 Ngf6 10. Qd2 O-O 11. g4 d5 12. e5 d4 13. exf6 Bxf6 14. Nxd4 cxd4 15. Bxb7
dxc3 16. bxc3 Qc7 17. Bxa8 Bxc3 18. Qe2 Bxa1 19. Be4 Bc3 20. g5 Qa5 21. Kh1
Qxa2 22. f4 g6 23. h4 b4 24. Qd1 Rd8 25. h5 a5 26. hxg6 hxg6 27. Qf3 Bg7 28.
Rf2 Qa1+ 29. Rf1 Qc3 30. Qh3 Re8 31. Qg2 Nb8 32. Rd1 a4 33. Bd2 Qxc2 34. Rc1
Qb2 35. Rc7 a3 36. f5 a2 0-1

[Event "9. Int. Bavarian Open"]
[Site "Bad Wiessee"]
[Date "2005.11.04"]
[Round "7"]
[White "Eingorn, Vereslav"]
[Black "Schütte, Manfred"]
[Result "1-0"]
[WhiteElo "2587"]
[BlackElo "2319"]
[PlyCount "69"]
[EventDate "2005.??.??"]

1. d4 Nf6 2. c4 g6 3. g3 Bg7 4. Bg2 d6 5. Nc3 O-O 6. h3 Nbd7 7. e4 e5 8. d5 a5
9. Nge2 Nc5 10. Bg5 Qd7 11. Qd2 a4 12. g4 b6 13. Ng3 Ne8 14. Bf3 f6 15. Be3 Qf7
16. Rg1 Qe7 17. h4 Rf7 18. h5 g5 19. Be2 h6 20. f3 Bf8 21. Kf2 Ng7 22. Qc2 Bd7
23. b4 axb3 24. axb3 Rb8 25. b4 Nb7 26. Ra7 Qd8 27. Qa2 Be7 28. Ra1 Qc8 29. Bd1
Kh7 30. Ba4 Rf8 31. Bc6 Nd8 32. Bxd7 Qxd7 33. Qa6 Qc8 34. Qxc8 Rxc8 35. Nb5 1-0

[Event "9. Int. Bavarian Open"]
[Site "Bad Wiessee"]
[Date "2005.11.04"]
[Round "7"]
[White "Braun, Arik"]
[Black "Lorscheid, Gerhard"]
[Result "1-0"]
[WhiteElo "2465"]
[BlackElo "2262"]
[PlyCount "49"]
[EventDate "2005.??.??"]

1. d4 d6 2. c4 Nf6 3. Nc3 e5 4. Nf3 Nbd7 5. Bg5 c6 6. e3 Qa5 7. Qd2 Be7 8. Bd3
O-O 9. O-O-O Re8 10. Kb1 Bd8 11. Qc2 exd4 12. exd4 Nf8 13. h3 Bd7 14. Bd2 Qc7
15. g4 b5 16. cxb5 cxb5 17. Rhe1 Rxe1 18. Rxe1 Qb7 19. Ng5 Bc6 20. Bf4 h6 21.
Nge4 Nxe4 22. Nxe4 Bxe4 23. Bxe4 d5 24. Bg2 Ne6 25. Qf5 1-0

[Event "9. Int. Bavarian Open"]
[Site "Bad Wiessee"]
[Date "2005.11.04"]
[Round "7"]
[White "Forchert, Martin"]
[Black "Riedel, Holger"]
[Result "1-0"]
[WhiteElo "2402"]
[BlackElo "2247"]
[PlyCount "67"]
[EventDate "2005.??.??"]

1. e4 e6 2. d4 d5 3. Nd2 Nf6 4. e5 Nfd7 5. Bd3 c5 6. c3 Nc6 7. Ne2 cxd4 8. cxd4
f6 9. exf6 Qxf6 10. Nf3 Bd6 11. O-O O-O 12. Nc3 Kh8 13. Bc2 Nb4 14. Bb3 Qg6 15.
Ng5 Nf6 16. a3 h6 17. axb4 hxg5 18. f4 g4 19. Bc2 Qh5 20. Nb5 Bb8 21. Bd2 Bd7
22. Nc3 g6 23. Ne2 Kg7 24. Ra3 Bb5 25. Re1 Rh8 26. Ng3 Qh4 27. Rxe6 Qxh2+ 28.
Kf2 Rh3 29. Rxf6 Kxf6 30. Qxg4 Rh6 31. f5 Bxg3+ 32. Rxg3 Re8 33. Qg5+ Kf7 34.
fxg6+ 1-0

[Event "9. Int. Bavarian Open"]
[Site "Bad Wiessee"]
[Date "2005.11.04"]
[Round "7"]
[White "Klundt, Klaus"]
[Black "Lupor, Stefan"]
[Result "1-0"]
[WhiteElo "2377"]
[BlackElo "2246"]
[PlyCount "51"]
[EventDate "2005.??.??"]

1. e4 e6 2. d3 d5 3. Nd2 c5 4. Ngf3 Nc6 5. g3 Bd6 6. Bg2 Nge7 7. O-O O-O 8. Re1
Qc7 9. Qe2 f6 10. c3 Bd7 11. a3 d4 12. Nc4 e5 13. cxd4 cxd4 14. Bd2 b5 15. Nxd6
Qxd6 16. Nh4 b4 17. Nf5 Nxf5 18. exf5 bxa3 19. bxa3 Rab8 20. g4 Rb5 21. Rac1
Rc8 22. Rc4 Nd8 23. Bb4 Qb8 24. Rxd4 Be8 25. Rc4 a5 26. Bd6 1-0

[Event "9. Int. Bavarian Open"]
[Site "Bad Wiessee"]
[Date "2005.11.04"]
[Round "7"]
[White "Helbig, Uwe"]
[Black "Zaragatski, Ilja"]
[Result "1/2-1/2"]
[WhiteElo "2212"]
[BlackElo "2376"]
[PlyCount "52"]
[EventDate "2005.??.??"]

1. d4 d5 2. Nf3 Nc6 3. Bf4 Bg4 4. e3 e6 5. h3 Bh5 6. c4 Bb4+ 7. Nc3 Nf6 8. a3
Bxc3+ 9. bxc3 Na5 10. cxd5 exd5 11. Bd3 O-O 12. Qc2 Bg6 13. Bg5 Qd6 14. Bxg6
hxg6 15. Bxf6 gxf6 16. O-O f5 17. Ne5 b5 18. a4 a6 19. Rfb1 c6 20. Ra2 Ra7 21.
axb5 axb5 22. Rba1 Rfa8 23. Qb1 Qc7 24. g3 Kg7 25. Qb4 f6 26. Nd7 Qxd7 1/2-1/2

[Event "9. Int. Bavarian Open"]
[Site "Bad Wiessee"]
[Date "2005.11.04"]
[Round "7"]
[White "Ponater, Michael"]
[Black "Heinz, Axel"]
[Result "0-1"]
[WhiteElo "2199"]
[BlackElo "2363"]
[PlyCount "84"]
[EventDate "2005.??.??"]

1. e4 c5 2. Nc3 e6 3. g3 Nc6 4. Bg2 g6 5. d3 Bg7 6. Nh3 Nge7 7. O-O O-O 8. Rb1
d6 9. Bg5 h6 10. Bd2 Rb8 11. a3 b5 12. b4 cxb4 13. axb4 a5 14. bxa5 b4 15. Ne2
Qxa5 16. Nc1 Ba6 17. Nb3 Qc7 18. Re1 Rfc8 19. d4 Bc4 20. Be3 Na7 21. Qd2 Kh7
22. Nf4 Nb5 23. Rec1 Nc6 24. f3 Qd8 25. Bf1 Na3 26. Ra1 Bxf1 27. Kxf1 Nc4 28.
Qe2 Nxe3+ 29. Qxe3 Qb6 30. Ne2 e5 31. Rd1 exd4 32. Qf4 d3 33. cxd3 Bxa1 34.
Rxa1 Qc7 35. Rc1 Qe7 36. d4 Na7 37. Ra1 Nb5 38. Ra6 Rc2 39. d5 Rb7 40. Na5 b3
41. Nxb3 Nc7 42. Ra3 Nxd5 0-1

[Event "9. Int. Bavarian Open"]
[Site "Bad Wiessee"]
[Date "2005.11.04"]
[Round "7"]
[White "Becker, Martin Alexander"]
[Black "Krahe, Frank Dr"]
[Result "0-1"]
[WhiteElo "2361"]
[BlackElo "2236"]
[PlyCount "44"]
[EventDate "2005.??.??"]

1. d4 d5 2. c4 e6 3. Nc3 c5 4. cxd5 cxd4 5. Qa4+ Bd7 6. Qxd4 exd5 7. Qxd5 Nc6
8. Nf3 Nf6 9. Qd1 Bc5 10. e3 Qe7 11. a3 O-O-O 12. b4 Bb6 13. Bd2 Kb8 14. Na4
Ne4 15. Nxb6 axb6 16. Qc1 Qf6 17. Ra2 Ne5 18. Be2 Bg4 19. h3 Bxf3 20. gxf3
Nxf3+ 21. Bxf3 Qxf3 22. Rh2 Rd3 0-1

[Event "9. Int. Bavarian Open"]
[Site "Bad Wiessee"]
[Date "2005.11.04"]
[Round "7"]
[White "Bromberger, Stefan"]
[Black "Sailer, Wolfgang"]
[Result "1-0"]
[WhiteElo "2478"]
[BlackElo "2214"]
[PlyCount "59"]
[EventDate "2005.??.??"]

1. e4 d6 2. d4 Nf6 3. Nc3 g6 4. Be3 c6 5. Qd2 b5 6. f3 Nbd7 7. g4 h6 8. Nge2
Qc7 9. a4 b4 10. Nd1 c5 11. c3 bxc3 12. bxc3 Qa5 13. Ng3 Ba6 14. Bxa6 Qxa6 15.
Qe2 Qxe2+ 16. Kxe2 cxd4 17. cxd4 Rc8 18. Nf2 Bg7 19. Rhc1 Kd8 20. Nd3 Nb6 21.
Rxc8+ Nxc8 22. Rb1 h5 23. g5 Nd7 24. Rb7 Ndb6 25. Nb4 Nxa4 26. Nc6+ Ke8 27. Rc7
Nab6 28. d5 Bf8 29. Nxa7 Kd8 30. Rc6 1-0

[Event "9. Int. Bavarian Open"]
[Site "Bad Wiessee"]
[Date "2005.11.04"]
[Round "7"]
[White "Donchenko, Anatoli"]
[Black "Schönberger, Peter"]
[Result "1-0"]
[WhiteElo "2460"]
[BlackElo "2199"]
[PlyCount "59"]
[EventDate "2005.??.??"]

1. d4 Nf6 2. Nf3 g6 3. g3 Bg7 4. Bg2 O-O 5. O-O d6 6. c4 Nc6 7. b3 e5 8. e3 Bg4
9. h3 Bxf3 10. Bxf3 exd4 11. exd4 Nxd4 12. Bxb7 Nd7 13. Nc3 Rb8 14. Bg2 Nxb3
15. axb3 Bxc3 16. Rxa7 Nc5 17. Ra3 Bg7 18. Qc2 Qf6 19. Be3 Qb2 20. Qxb2 Bxb2
21. Ra7 Rxb3 22. Rxc7 Ne6 23. Rd7 Be5 24. Bd5 Nc5 25. Re7 Bf6 26. Rc7 Bd8 27.
Rc6 Rb6 28. Bh6 Re8 29. Rc8 Na6 30. Bc6 1-0

[Event "9. Int. Bavarian Open"]
[Site "Bad Wiessee"]
[Date "2005.11.04"]
[Round "7"]
[White "Stark, Lars"]
[Black "Frotscher, Thomas"]
[Result "1-0"]
[WhiteElo "2342"]
[BlackElo "2196"]
[PlyCount "87"]
[EventDate "2005.??.??"]

1. c4 g6 2. g3 Bg7 3. Bg2 d6 4. Nc3 e5 5. e4 Ne7 6. Nge2 c5 7. a3 Nbc6 8. Rb1
a5 9. d3 O-O 10. O-O h6 11. h3 Kh7 12. g4 g5 13. Ng3 Ng6 14. Nf5 Nf4 15. Nb5
Bxf5 16. exf5 Nxg2 17. Kxg2 d5 18. Be3 d4 19. Bd2 Re8 20. f3 Bf8 21. Rh1 Be7
22. Qc1 Kg7 23. h4 Rh8 24. hxg5 hxg5 25. Rxh8 Kxh8 26. Qe1 Kg7 27. Qe4 f6 28.
Rh1 Qd7 29. Bxg5 Rh8 30. Rxh8 Kxh8 31. Bd2 b6 32. Qe1 Bd8 33. Qh1+ Qh7 34.
Qxh7+ Kxh7 35. f4 Kg7 36. Kf3 exf4 37. Bxf4 Ne5+ 38. Bxe5 fxe5 39. Nd6 Bg5 40.
a4 Be7 41. Ne4 Kh6 42. b3 Bd8 43. Nd6 Be7 44. Nf7+ 1-0

[Event "9. Int. Bavarian Open"]
[Site "Bad Wiessee"]
[Date "2005.11.04"]
[Round "7"]
[White "Seuffert, Gabriel"]
[Black "Keller, Manfred"]
[Result "1/2-1/2"]
[WhiteElo "2336"]
[BlackElo "2183"]
[PlyCount "40"]
[EventDate "2005.??.??"]

1. c4 e6 2. Nc3 d5 3. d4 Nf6 4. cxd5 exd5 5. Bg5 Be7 6. Qc2 c6 7. e3 Nbd7 8.
Bd3 O-O 9. Nge2 Re8 10. h3 Nf8 11. O-O-O N6d7 12. Bf4 Qa5 13. g4 b5 14. Kb1 Nb6
15. Ng3 Nc4 16. e4 Bb4 17. exd5 Bxc3 18. Qxc3 Qxc3 19. bxc3 cxd5 20. Rhe1 Bd7
1/2-1/2

[Event "9. Int. Bavarian Open"]
[Site "Bad Wiessee"]
[Date "2005.11.04"]
[Round "7"]
[White "Römhild, Marcus"]
[Black "Bach, Matthias"]
[Result "0-1"]
[WhiteElo "2195"]
[BlackElo "2310"]
[PlyCount "42"]
[EventDate "2005.??.??"]

1. e4 c5 2. Nf3 Nf6 3. Nc3 d5 4. exd5 Nxd5 5. Bb5+ Bd7 6. Ne5 Bxb5 7. Qf3 f6 8.
Qh5+ g6 9. Nxg6 hxg6 10. Qxg6+ Kd7 11. Nxb5 e6 12. c4 Nc7 13. d4 Nc6 14. d5 Ne5
15. Qe4 Nxb5 16. f4 Nd6 17. Qe2 exd5 18. fxe5 fxe5 19. O-O Qh4 20. Qxe5 Re8 21.
Qf4 Qxf4 0-1

[Event "9. Int. Bavarian Open"]
[Site "Bad Wiessee"]
[Date "2005.11.04"]
[Round "7"]
[White "Zill, Christoph"]
[Black "Rau, Jürgen"]
[Result "0-1"]
[WhiteElo "2289"]
[BlackElo "2168"]
[PlyCount "74"]
[EventDate "2005.??.??"]

1. e4 c5 2. Nf3 d6 3. d4 cxd4 4. Nxd4 Nf6 5. Nc3 a6 6. Bg5 e6 7. f4 Nbd7 8. Qf3
Qc7 9. O-O-O b5 10. Bxf6 Nxf6 11. e5 Bb7 12. Qg3 Ne4 13. Nxe4 Bxe4 14. Bd3 Bxd3
15. Rxd3 dxe5 16. Qf3 Rd8 17. Rc3 Qd7 18. Nc6 Qd2+ 19. Kb1 e4 20. Qf1 Rd5 21.
a4 Bd6 22. Qe1 Qxe1+ 23. Rxe1 f5 24. Ne5 Bxe5 25. fxe5 Kd7 26. axb5 axb5 27. g4
g6 28. Ra3 Rxe5 29. Ra7+ Kc6 30. Re3 f4 31. Rc3+ Rc5 32. Ra6+ Kd5 33. Rxc5+
Kxc5 34. Rxe6 Rf8 35. Rxe4 f3 36. Re1 f2 37. Rf1 Kd4 0-1

[Event "9. Int. Bavarian Open"]
[Site "Bad Wiessee"]
[Date "2005.11.05"]
[Round "8"]
[White "Vysochin, Spartak"]
[Black "Postny, Evgeny"]
[Result "1/2-1/2"]
[WhiteElo "2578"]
[BlackElo "2571"]
[PlyCount "80"]
[EventDate "2005.??.??"]

1. e4 c6 2. d4 d5 3. e5 Bf5 4. Be3 Qb6 5. Qc1 e6 6. c4 Bxb1 7. Rxb1 Bb4+ 8. Kd1
dxc4 9. Bxc4 Qd8 10. Ke2 Ne7 11. a3 Ba5 12. Nf3 Nd7 13. b4 Bc7 14. Bd3 Nb6 15.
Qc2 h6 16. h4 Nbd5 17. h5 b5 18. g4 a5 19. Bd2 Bb6 20. Rhg1 Qc7 21. Be4 Kd7 22.
g5 axb4 23. axb4 Ra3 24. gxh6 gxh6 25. Rg7 Ke8 26. Rc1 Qa7 27. Rg4 Nxb4 28. Qb1
Nbd5 29. Bxd5 Nxd5 30. Rxc6 Qa4 31. Qc1 b4 32. Qc4 Qa6 33. Qxa6 Rxa6 34. Rg1
Kd7 35. Rd6+ Ke7 36. Nh4 Ra2 37. Rg7 Kf8 38. Rg3 Ke7 39. Rg7 Kf8 40. Rg3 Ke7
1/2-1/2

[Event "9. Int. Bavarian Open"]
[Site "Bad Wiessee"]
[Date "2005.11.05"]
[Round "8"]
[White "Delchev, Aleksander"]
[Black "Rotstein, Arkadij"]
[Result "1-0"]
[WhiteElo "2669"]
[BlackElo "2528"]
[PlyCount "59"]
[EventDate "2005.??.??"]

1. e4 c5 2. Nf3 d6 3. d4 cxd4 4. Nxd4 Nf6 5. Nc3 a6 6. Be2 e6 7. f4 Be7 8. O-O
O-O 9. a4 Qc7 10. Kh1 b6 11. e5 dxe5 12. fxe5 Nfd7 13. Bf4 Bb7 14. Bd3 Nc5 15.
Qg4 Nxd3 16. cxd3 Kh8 17. Qh5 Qd7 18. Nce2 f6 19. exf6 gxf6 20. Bg3 Nc6 21. Rf4
Nxd4 22. Rxd4 Qe8 23. Qh6 e5 24. Rh4 Qf7 25. d4 exd4 26. Nxd4 Rfd8 27. Rf1 Rd7
28. Be5 Rg8 29. Rxf6 Bxg2+ 30. Kg1 1-0